| 000 | 01447cam a2200361Ma 4500 | ||
|---|---|---|---|
| 001 | 80511 | ||
| 005 | 20230410115848.0 | ||
| 008 | 080206s2007 sp ak b 001 0 spa d | ||
| 035 | _a(OCoLC)ocn191879257 | ||
| 040 |
_aHLS _cHLS _dC3L |
||
| 020 | _a9788432313004 | ||
| 020 | _a8432313009 | ||
| 029 | 1 |
_aC3L _b08916404 |
|
| 035 | _a(OCoLC)191879257 | ||
| 043 | _ae-sp--- | ||
| 050 | 1 | 4 |
_aHN 583.5 _bE77m 2007 |
| 082 | 0 | 0 | _a339 |
| 100 | 1 | _aEspina, Alvaro. | |
| 245 | 1 | 0 |
_aModernización y estado de bienestar en España / _cAlvaro Espina. |
| 260 |
_aMadrid : _bFundación Carolina / CeALCI : _bSiglo XXI España Editores, _c2007. |
||
| 300 |
_axxvi, 432 p. : _bill. forms. ; _c23 cm. |
||
| 501 | _a" El Estado de Bienestar es el resultado del proceso de modernización llevado a cabo en Europa desde finales del siglo XIX, hasta conformar un conjunto de instituciones, derechos y garantías que interactúan con los sistemas político, económico, jurídico y de valores. Es mucho más que un cuadro de políticas públicas" | ||
| 504 | _aIncludes bibliographical references (p. 389-429)and index. | ||
| 651 | 0 |
_aWelfare state _zSpain. |
|
| 651 | 0 |
_aSpain _xSocial policy. |
|
| 651 | 0 |
_aSpain _xSocial conditions _y1975- |
|
| 651 | 0 |
_aSpain _xEconomic conditions _y1975- |
|
| 710 | 2 | _aFundación Carolina / CeALCI | |
| 938 |
_aCasalini Libri _bCASA _n08916404 _c18.00 EUR |
||
| 942 |
_2lcc _cbk |
||
| 994 |
_aC0 _bDRFGD |
||
| 946 | _ash | ||
| 999 |
_c49408 _d49408 |
||